| 000 | 00543nam a2200193 i 4500 | ||
|---|---|---|---|
| 001 | bg | ||
| 100 | 1 | _aGORCZYŃSKA, Barbara | |
| 245 | 0 |
_aOchrona środowiska : _bporadnik pracownika samorządu terytorialnego / _cBarbara Gorczyńska, Zofia Nowaczyk. |
|
| 260 |
_aPoznań : _b"Warta", _c1992. |
||
| 300 |
_a206 s. ; _c23 cm. |
||
| 700 | 1 | _aNOWACZYK, Zofia | |
| 020 | _a8385626042 | ||
| 040 | _cBPK | ||
| 041 | _apol | ||
| 080 | _a349.6:352/353](438) | ||
| 920 | _a83-85626-04-2 | ||
| 942 | _cKS | ||
| 008 | s pl f |000 0 pol | ||
| 999 |
_c5543 _d5543 |
||
| 856 |
_uhttp://koha.tu.koszalin.pl/cgi-bin/koha/opac-detail.pl?biblionumber=5543 _yKatalog online BPK |
||